Apicultura lucrativa : métodos prácticos para instalar y atender colmenares /

Guardado en:
Autor Principal: De Pozo, Eduardo.
Otros Autores: Schopelocher, Roberto.
Formato: Libro
Idioma:Spanish
Publicado: Montevideo : Albatros, 1974.
Etiquetas: Agregar Etiqueta
Sin Etiquetas, Sea el primero en etiquetar este registro!
LEADER 00522nam a22001455a 4500
001 EEA.libagro005753
005 20161004131701.0
008 130809s1974####uy#a##########000#0#spa#d
082 0 4 |a 638.1 
100 1 |a De Pozo, Eduardo. 
245 1 0 |a Apicultura lucrativa :  |b métodos prácticos para instalar y atender colmenares /  |c Eduardo De Pozo, Roberto Schopelocher. 
260 |a Montevideo :  |b Albatros,  |c 1974. 
300 |a 184 p. :  |b il. ;  |c 20 cm. 
700 1 |a Schopelocher, Roberto. 
859 |a AR-BbBCA  |b BIB. AGRONOMIA  |h 638.1  |i D363  |p 1998/3097